|
|
|
|
| LEADER |
03743nam a22005895i 4500 |
| 001 |
978-3-319-05215-1 |
| 003 |
DE-He213 |
| 005 |
20151116135628.0 |
| 007 |
cr nn 008mamaa |
| 008 |
140220s2014 gw | s |||| 0|eng d |
| 020 |
|
|
|a 9783319052151
|9 978-3-319-05215-1
|
| 024 |
7 |
|
|a 10.1007/978-3-319-05215-1
|2 doi
|
| 040 |
|
|
|d GrThAP
|
| 050 |
|
4 |
|a QA76.758
|
| 072 |
|
7 |
|a UMZ
|2 bicssc
|
| 072 |
|
7 |
|a COM051230
|2 bisacsh
|
| 082 |
0 |
4 |
|a 005.1
|2 23
|
| 245 |
1 |
0 |
|a OpenSHMEM and Related Technologies. Experiences, Implementations, and Tools
|h [electronic resource] :
|b First Workshop, OpenSHMEM 2014, Annapolis, MD, USA, March 4-6, 2014. Proceedings /
|c edited by Stephen Poole, Oscar Hernandez, Pavel Shamis.
|
| 264 |
|
1 |
|a Cham :
|b Springer International Publishing :
|b Imprint: Springer,
|c 2014.
|
| 300 |
|
|
|a X, 191 p. 83 illus.
|b online resource.
|
| 336 |
|
|
|a text
|b txt
|2 rdacontent
|
| 337 |
|
|
|a computer
|b c
|2 rdamedia
|
| 338 |
|
|
|a online resource
|b cr
|2 rdacarrier
|
| 347 |
|
|
|a text file
|b PDF
|2 rda
|
| 490 |
1 |
|
|a Lecture Notes in Computer Science,
|x 0302-9743 ;
|v 8356
|
| 505 |
0 |
|
|a OpenSHMEM Implementations and Evaluations -- Designing a High Performance OpenSHMEM Implementation Using Universal Common Communication Substrate as a Communication Middleware -- A Comprehensive Performance Evaluation of OpenSHMEM Libraries on InfiniBand Clusters -- Benchmarking Parallel Performance on Many-Core Processors -- Implementing OpenSHMEM Using MPI-3 One-Sided Communication -- Analyzing the Energy and Power Consumption of Remote Memory Accesses in the OpenSHMEM Model -- Applications -- Hybrid Programming Using OpenSHMEM and OpenACC -- Tools Towards Parallel Performance Analysis Tools for the OpenSHMEM Standard -- Profiling Non-numeric OpenSHMEM Applications with the TAU Performance System -- A Global View Programming Abstraction for Transitioning MPI Codes to PGAS Languages -- Extending the OpenSHMEM Analyzer to Perform Synchronization and Multi-valued Analysis -- OpenSHMEM Extensions and Future Directions OpenSHMEM Extensions and a Vision for Its Future Direction -- Reducing Synchronization Overhead Through Bundled Communication -- Thread-Safe SHMEM Extensions -- Implementing Split-Mode Barriers in OpenSHMEM.
|
| 520 |
|
|
|a This book constitutes the proceedings of the First OpenSHMEM Workshop, held in Annapolis, MD, USA, in March 2014. The 12 technical papers and 2 short position papers presented in this book were carefully reviewed and selected from 16 submissions. They are organized in topical sections named: OpenSHMEM implementations and evaluations; applications; tools; and OpenSHMEM extensions and future directions.
|
| 650 |
|
0 |
|a Computer science.
|
| 650 |
|
0 |
|a Computer communication systems.
|
| 650 |
|
0 |
|a Computer programming.
|
| 650 |
|
0 |
|a Software engineering.
|
| 650 |
|
0 |
|a Programming languages (Electronic computers).
|
| 650 |
|
0 |
|a Algorithms.
|
| 650 |
|
0 |
|a Computer logic.
|
| 650 |
1 |
4 |
|a Computer Science.
|
| 650 |
2 |
4 |
|a Software Engineering.
|
| 650 |
2 |
4 |
|a Computer Communication Networks.
|
| 650 |
2 |
4 |
|a Algorithm Analysis and Problem Complexity.
|
| 650 |
2 |
4 |
|a Programming Techniques.
|
| 650 |
2 |
4 |
|a Logics and Meanings of Programs.
|
| 650 |
2 |
4 |
|a Programming Languages, Compilers, Interpreters.
|
| 700 |
1 |
|
|a Poole, Stephen.
|e editor.
|
| 700 |
1 |
|
|a Hernandez, Oscar.
|e editor.
|
| 700 |
1 |
|
|a Shamis, Pavel.
|e editor.
|
| 710 |
2 |
|
|a SpringerLink (Online service)
|
| 773 |
0 |
|
|t Springer eBooks
|
| 776 |
0 |
8 |
|i Printed edition:
|z 9783319052144
|
| 830 |
|
0 |
|a Lecture Notes in Computer Science,
|x 0302-9743 ;
|v 8356
|
| 856 |
4 |
0 |
|u http://dx.doi.org/10.1007/978-3-319-05215-1
|z Full Text via HEAL-Link
|
| 912 |
|
|
|a ZDB-2-SCS
|
| 912 |
|
|
|a ZDB-2-LNC
|
| 950 |
|
|
|a Computer Science (Springer-11645)
|